Estudio de vulnerabilidad sísmica del edificio del Ministerio de Energía y minas
Na minha lista:
| Autor principal: | |
|---|---|
| Formato: | Livro |
| Publicado em: |
San José, Costa Rica
1988
|
| Assuntos: | |
| Tags: |
Adicionar Tag
Sem tags, seja o primeiro a adicionar uma tag!
|
MARC
| LEADER | 00000nam a2200000Ia 4500 | ||
|---|---|---|---|
| 003 | 004683 | ||
| 005 | 20221231144341.0 | ||
| 008 | 140114s1988 cr a m 000 ||s d | ||
| 040 | |c cru CEDI | ||
| 090 | |a TFG 2190 | ||
| 100 | |a Matamoros Hidalgo, Adolfo |9 13481 | ||
| 245 | |a Estudio de vulnerabilidad sísmica del edificio del Ministerio de Energía y minas | ||
| 260 | |c 1988 |a San José, Costa Rica | ||
| 300 | |a [117] hojas : ilustraciones (algunas plegables) ; 28 cm | ||
| 500 | |a Proyecto de graduación (licenciatura en ingeniería Civil)--Universidad de Costa Rica. Facultad de Ingeniería. Escuela de Ingeniería Civil | ||
| 650 | |x COSTA RICA.. MINISTERIO DE ENERGIA Y MINAS |x ANALISIS ESTRUCTURAL (INGENIERIA) |x DINAMICA DE ESTRUCTURAS |9 13482 | ||
| 942 | |c TFG | ||
| 999 | |c 20579 |d 20579 | ||
